NFL - 2007 New England Patriots Roster - Statistics

General Stats
  • This quiz has been taken 56 times
    25 since last reset
  • The average score is 5 of 24
Answer Stats
Hint Answer % Correct
QB Tom Brady
100%
WR Randy Moss
82%
TE Rob Gronkowski
59%
RB James White
27%
DT Malcom Brown
27%
K Stephen Gostkowski
27%
FS Devin McCourty
18%
LG Logan Mankins
18%
LT Nate Solder
18%
DT Alan Branch
14%
C David Andrews
14%
MLB Dont'a Hightower
14%
WR Julian Edelmen
14%
P Ryan Allen
14%
CB Stephon Gilmore
14%
DE Kony Ealy
9%
CB Malcolm Butler
9%
RT Marcus Cannon
9%
SS Patrick Chung
9%
LB Rob Ninkovich
9%
RG Shaquille Mason
9%
LB Shea McClellin
9%
DE Trey Flowers
9%
WR Wes Walker
9%
No matching quizzes found
Score Distribution
Percent of People with Each Score
Percentile by Number Answered
Your Score History
You have not taken this quiz since the last reset